| 000 | 00641nam a2200205 a 4500 | ||
|---|---|---|---|
| 001 | 000090525 | ||
| 003 | AM-YEHGA | ||
| 005 | 20250617122031.0 | ||
| 008 | 990830s1985 ru | ||||| |||| | rus c | ||
| 040 | _aAM-YeHGA | ||
| 041 | 0 | _arus | |
| 100 | 1 | _aФридман, Эман Петрович | |
| 245 | 1 | 0 |
_aЗанимательная приматология : _bЭтюды о природе обезьян / _cЭ.П. Фридман. |
| 260 |
_aМосква : _bЗнание, _c1985. |
||
| 300 |
_a192 с. : _b16 с. вкл. ; _c19 см. |
||
| 650 | 1 | 4 | _aЗоология |
| 653 | 0 | _aПриматы | |
| 942 |
_2udc _cBK |
||
| 090 | _c29100 | ||
| 999 |
_c28728 _d28728 |
||